Українські письменники (Запис № 373982)

МАРК-запис
000 -Лідер
fixed length control field 00825nam a22002417a 4500
001 - Контрольний номер
control field 87290
003 - Ідентифікатор контрольного номера
control field UA-OsUOA
005 - Дата та час останнього входження (трансакції)
control field 20220906154506.0
007 - Фіксоване поле фізичного опису
fixed length control field ta
008 - Елементи даних фіксованої довжини – загальна інформація
fixed length control field 20120917b un ||||| |||| 00| 0 ukr d
040 ## - Джерело каталогізації
Агенція оригінальної каталогізації UA-OsUOA
Мова каталогізації ukr
Агенція, яка здійснювала перезапис UA-OsUOA
Агенція, яка здійснювала модифікацію UA-OsUOA
041 ## - Код мови
Код мови тексту/ звукової доріжки чи окремого заголовка (П) ukr
080 ## - Індекс Універсальної десяткової класифікації
Індекс Універсальної десяткової класифікації (УДК) (НП) 929:82(477)(038)
090 ## - Локальний шифр розміщення
Класифікаційний індекс УДК 929:82(477)(038)
Авторський знак (НП) У45
245 ## - Відомості про назву
Назва (НП) Українські письменники
Решта назви (НП) біо-бібліографічний словник
260 ## - Публікація, розповсюдження і т.п. (Вихідні дані)
Місце публікації, розповсюдження і т.п. (П) К.
Ім’я/ наймення видавництва, розповсюджувача і т.п. (П) Держ. вид. худ. літ.
Дата публікації, розповсюдження і т.п. (П) 1963
300 ## - Фізичний опис
Обсяг 807 с.
505 ## - Форматована примітка про зміст
Змішана інформація Т. 3
Назва Дожовтневий період (ХІХ – поч. ХХ ст.)
650 #7 - Додаткове предметне введення – тематичний термін
Тематичний термін чи географічна назва, як елемент введення (НП) 9 Географія. Біографії. Історія
Джерело заголовка чи терміна UDC
942 ## - Додаткові елементи входу (Коха)
Тип елемента Koha Книги
Source of classification or shelving scheme Universal Decimal Classification
955 ## - Код типу видання за змістом
Код типу видання за змістом (НП) Навчальні видання
Фонди
Стан вилучень Стан втрат Джерело класифікації або схеми стелажів Стан уражень Не для кредиту Постійне місце розташування Поточне розміщення Дата придбання Послідовне перерахування / хронологія Інвентарний номер Повний номер виклику Штрих-код Дата останнього перегляду Ціна ефективна від Тип елемента Koha Джерело придбання Вартість, звичайна ціна покупки Усього замовленно
    Universal Decimal Classification     Наукова бібліотека ІДУД Наукова бібліотека ІДУД 05/05/2014   2135776 030 У45 2135776 14/09/2019 05/05/2014 Книги 311/2014 1.00  
    Universal Decimal Classification     ЧЗ - Читальна зала ЧЗ - Читальна зала 17/09/2012 Т. 3 92050 929:82(477)(038) У45 92050 07/02/2022 17/09/2012 Книги